000 00688nam a22002417a 4500
003 UA-OsUOA
001 31311
007 ta
008 20041209b un ||||| |||| 00| 0 ukr d
100 _aСизоненко О.
090 _a821.161.2
_bС34
942 _cBK
040 _aUA-OsUOA
_bukr
_cUA-OsUOA
_dUA-OsUOA
245 _aХліб з рідного поля
_bповість, оповідання, етюди
300 _a285 с.
955 _a3
041 _aukr
080 _a821.161.2
260 _aК.
_bРадянський письменник
_c1978
044 _aUA
650 7 _a82 Література. Літературознавство
_2UDC
999 _c317734
_d317734